| 000 | 00479nam a22001937a 4500 | ||
|---|---|---|---|
| 003 | LK-CoMWRAF | ||
| 005 | 20240229105604.0 | ||
| 008 | 230921b1997 |||||||| |||| 00| 0 eng d | ||
| 020 | _a0785809066 | ||
| 040 |
_aLK-CoMWRAF _dLK-CoMWRAF _eLK-CoMWRAF |
||
| 041 | _aeng | ||
| 082 |
_a297.4 _bESS |
||
| 245 | _aEssential Sufism | ||
| 260 |
_aNew York : _bHaper collins, _c1997 |
||
| 650 | _aSufism | ||
| 700 |
_aFadiman, James _eed. |
||
| 700 |
_aFrager, Robert _eed. |
||
| 942 | _cBK | ||
| 999 |
_c3596 _d3596 |
||